Marco jurídico internacional de la trata de personas : especial mención al espacio regional europeo /

Bibliographic Details
Main Author: Fernando Gonzalo, Elsa (Author)
Format: Electronic eBook
Language:Spanish
Published: Bilbao : Publicaciones de la Universidad de Deusto, [2019]
Series:Cuadernos Deusto de derechos humanos ; núm. 94.
Subjects:
Online Access:Digitalia Hispánica

MARC

LEADER 00000nam a2200000Ii 4500
001 DIGDEU0223
003 NyNyDIG
006 m o d
007 cr |||||||||||
008 241203s2019 sp ob 000 0 spa d
035 |a (OCoLC)1475658086 
040 |a DGITA  |b eng  |e rda  |e pn  |c DGITA 
020 |z 9788413250816 
043 |a e------ 
050 1 4 |a KZ7155 ebook 
100 1 |a Fernando Gonzalo, Elsa,  |e author. 
245 1 0 |a Marco jurídico internacional de la trata de personas :  |b especial mención al espacio regional europeo /  |c Elsa Fernando Gonzalo. 
264 1 |a Bilbao :  |b Publicaciones de la Universidad de Deusto,  |c [2019] 
300 |a 1 online resource. 
336 |a text  |b txt  |2 rdacontent 
337 |a computer  |b c  |2 rdamedia 
338 |a online resource  |b cr  |2 rdacarrier 
347 |a text file  |2 rdaft 
347 |b PDF 
500 |a "DeustoDigital, Instituto de Derechos Humanos, Pedro Arrupe, Giza Eskubideen Institutua"--Cover. 
490 1 |a Cuadernos Deusto de derechos humanos ;  |v núm. 94 
504 |a Includes bibliographical references. 
588 0 |a Online resource; title from PDF title page (Digitalia, viewed December 3, 2024) 
650 0 |a Human trafficking (International law) 
650 0 |a Human trafficking  |x Law and legislation  |z European Union countries. 
791 2 |a Digitalia (Firm),  |e distributor. 
793 0 |g Digitalia eBook Collection:  |a Universidad de Deusto 
776 0 8 |i Print version:  |a Fernando Gonzalo, Elsa.  |t Marco jurídico internacional de la trata de personas.  |d Bilbao : Publicaciones de la Universidad de Deusto, 2019  |z 9788413250816 
830 0 |a Cuadernos Deusto de derechos humanos ;  |v núm. 94. 
856 4 0 |3 Digitalia Hispánica  |u https://www.digitaliapublishing.com/a/163560/ 
910 |a Premium collection: 2024